| 000 | 00513nam a22001697a 4500 | ||
|---|---|---|---|
| 999 |
_c8382 _d8382 |
||
| 008 | 201117b ||||| |||| 00| 0 eng d | ||
| 040 | _aBMS College of Architecture | ||
| 100 | _aRam, Sai Meghna | ||
| 245 | _aNaadam- sound experience center | ||
| 300 | _a32p. | ||
| 500 | _a1BM15AT088 | ||
| 502 |
_8B,Arch _NBMS College of Architecture, Visvesvaraya Technological University (VTU) _aProject _d2019 |
||
| 650 | _aSound | ||
| 700 |
_aShantala V _eGuide |
||
| 700 |
_aPooja Suryakumar _eGuide |
||
| 942 |
_2ddc _cTHE |
||